|
|
|
|
| LEADER |
00000nam0a2200000 4500 |
| 001 |
235793 |
| 005 |
20231031204332.0 |
| 010 |
|
|
|b 3080 экз.
|
| 035 |
|
|
|a (RuTPU)RU\TPU\book\256933
|
| 090 |
|
|
|a 235793
|
| 100 |
|
|
|a 20130416d1926 m y0rusy50 ca
|
| 101 |
1 |
|
|a ger
|
| 102 |
|
|
|a RU
|
| 105 |
|
|
|a af j 001zy
|
| 200 |
1 |
|
|a Электрическая тяга. Теория и применение электрической тяги на железных дорогах
|f Е. Е. Зеефельнер
|g перевод под ред. инж. Э. К. Миткевича и К. С. Мышенкова
|
| 210 |
|
|
|a Москва
|c Транспечать
|c НКПС
|d 1926
|
| 215 |
|
|
|a XVI, 751 с.
|c черт.
|
| 300 |
|
|
|a Первый русский перевод капитального труда: Seefehlner E. E. Electrische Zugforderung. 2 Aufgabe (1924).
|
| 320 |
|
|
|a Сокращенные обозначения технических терминов: с.749
|
| 320 |
|
|
|a Сокращенные обозначения технических фирм: с.751.
|
| 610 |
1 |
|
|a тяга
|
| 610 |
1 |
|
|a электрическая тяга
|
| 610 |
1 |
|
|a поезда
|
| 675 |
|
|
|a 629.42
|v 3
|
| 700 |
|
1 |
|a Зеефельнер
|b Е. Е.
|
| 702 |
|
1 |
|a Миткевич
|b Э. К.
|4 340
|
| 702 |
|
1 |
|a Мышенков
|b К. С.
|4 340
|
| 801 |
|
1 |
|a RU
|b 63413507
|c 20130416
|
| 801 |
|
2 |
|a RU
|b 63413507
|c 20130416
|g RCR
|
| 942 |
|
|
|c BK
|